[Event "Gibraltar Challengers op-A"]
[Site "Caleta"]
[Date "2019.01.22"]
[Round "2"]
[White "Crocker, Philip J"]
[Black "Boardman, Jeffrey"]
[Result "1/2-1/2"]
[WhiteElo "2109"]
[BlackElo "2005"]
[PlyCount "158"]
[EventDate "2019.01.21"]
[EventType "swiss"]
[EventRounds "5"]
[EventCountry "GGB"]
[SourceTitle "CBM 188 Extra"]
[Source "ChessBase"]
[SourceDate "2019.02.26"]
[SourceVersion "1"]
[SourceVersionDate "2019.02.26"]
[SourceQuality "1"]

1. c4 e5 2. g3 Nf6 3. Bg2 Nc6 4. Nc3 Bb4 5. Nd5 Nxd5 6. cxd5 Nb8 7. Nf3 Qe7 8. 0-0 0-0 9. d4 d6 10. a3 Ba5 11. b4 Bb6 12. dxe5 dxe5 13. Bb2 Nd7 14. e4 a5 15. Qc2 Re8 16. Bc3 axb4 17. axb4 Rxa1 18. Rxa1 c6 19. Rd1 cxd5 20. exd5 Qd6 21. Nd2 Qg6 22. Qxg6 hxg6 23. Nc4 Bd4 24. Bxd4 exd4 25. Nd6 Rd8 26. Rxd4 Ne5 27. f4 Ng4 28. Nxc8 Rxc8 29. Bf3 Rc1+ 30. Rd1 Rxd1+ 31. Bxd1 Ne3 32. Bb3 Nf5 33. Kf2 Kf8 34. g4 Nd6 35. Bc2 Ke7 36. Ke3 b6 37. Bd3 f5 38. h3 Kf6 39. Kd4 Ke7 40. gxf5 gxf5 41. Ke5 g6 42. h4 Nf7+ 43. Kd4 Nd6 44. Be2 Kf6 45. h5 gxh5 46. Bxh5 Nb5+ 47. Kd3 Nd6 48. Bf3 Ke7 49. Be2 Kf6 50. Kd4 Ne4 51. Bd3 Nd6 52. Ba6 Ne4 53. Bb5 Nd6 54. Bd3 Nf7 55. d6 Nxd6 56. Kd5 Nc8 57. Kc6 Ne7+ 58. Kxb6 Nd5+ 59. Kc5 Nxf4 60. Bc4 Ne6+ 61. Kd6 Nd4 62. Kd5 Ne6 63. Bf1 f4 64. Bh3 Ng5 65. Bf1 Ne6 66. Ke4 Ke7 67. Bc4 f3 68. Kxf3 Nc7 69. Ke4 Kd6 70. Kd4 Kc6 71. Ke5 Nb5 72. Bb3 Kb6 73. Kd5 Nc3+ 74. Kc4 Nb5 75. Ba4 Nd6+ 76. Kd5 Nb5 77. Kc4 Nd6+ 78. Kb3 Nb5 79. Kc4 Nd6+ 1/2-1/2

[Event "NZL-ch blitz 123rd"]
[Site "Auckland"]
[Date "2016.01.12"]
[Round "1"]
[White "Boardman, Jeffrey"]
[Black "Jones, Gawain C B"]
[Result "0-1"]
[WhiteElo "1982"]
[BlackElo "2625"]
[PlyCount "50"]
[EventDate "2016.01.12"]
[EventType "swiss (blitz)"]
[EventRounds "9"]
[EventCountry "NZL"]
[SourceTitle "CBM 170 Extra"]
[Source "ChessBase"]
[SourceDate "2016.02.25"]
[SourceVersion "1"]
[SourceVersionDate "2016.02.25"]
[SourceQuality "1"]

1. e4 g6 2. d4 Bg7 3. Nc3 a6 4. Nf3 d6 5. Be2 Nf6 6. 0-0 0-0 7. h3 b5 8. e5 Nfd7 9. exd6 cxd6 10. Ne4 d5 11. Ng3 Nc6 12. c3 Nb6 13. Bg5 Qd6 14. Qc1 b4 15. Bh6 bxc3 16. bxc3 Rb8 17. Bxg7 Kxg7 18. Rb1 Bd7 19. Qg5 f6 20. Qe3 Na5 21. Bxa6 Ra8 22. Bd3 Nac4 23. Bxc4 Nxc4 24. Rb7 Nxe3 25. fxe3 Qxg3 0-1

[Event "Hastings Masters op 90th"]
[Site "Hastings"]
[Date "2015.01.03"]
[Round "6"]
[White "Snape, Ian L"]
[Black "Boardman, Jeffrey"]
[Result "1-0"]
[WhiteElo "2162"]
[BlackElo "1999"]
[PlyCount "143"]
[EventDate "2014.12.29"]
[EventType "swiss"]
[EventRounds "9"]
[EventCountry "ENG"]
[SourceTitle "CBM 164 Extra"]
[Source "ChessBase"]
[SourceDate "2015.03.02"]
[SourceVersion "1"]
[SourceVersionDate "2015.03.02"]
[SourceQuality "1"]

1. c4 c6 2. e4 d5 3. cxd5 cxd5 4. exd5 Nf6 5. Qa4+ Nbd7 6. Nc3 g6 7. Nf3 Bg7 8. Bc4 0-0 9. d3 Nb6 10. Qb3 Bg4 11. Ne5 Qd6 12. f4 Bf5 13. Be3 Ng4 14. Nxg4 Bxg4 15. Ne4 Qc7 16. 0-0 Rac8 17. Rfc1 Bf5 18. Ng3 Bd7 19. a4 Nxc4 20. dxc4 e5 21. fxe5 Qxe5 22. Rc2 b6 23. Re1 Qe8 24. Qb4 Qd8 25. b3 Re8 26. Qd2 Qh4 27. Rcc1 Rxe3 28. Rxe3 Bd4 29. Kh1 Bxe3 30. Qxe3 Re8 31. Qc3 f5 32. Kg1 f4 33. Qd4 Re3 34. Rf1 g5 35. Ne4 Bf5 36. d6 Rxe4 37. Qd5+ Kg7 38. Qxf5 f3 39. Qxf3 Rf4 40. g3 Rxf3 41. gxh4 Rd3 42. hxg5 Rxd6 43. Kg2 Kg6 44. Rf6+ Rxf6 45. gxf6 Kxf6 46. Kf3 Ke5 47. Ke3 a5 48. Kd3 Kd6 49. Kd4 Kc6 50. h4 Kd6 51. h5 h6 52. Kc3 Kc6 53. Kc2 Kc5 54. Kd3 Kd6 55. Kd4 Kc6 56. Ke5 Kc5 57. Kf6 Kb4 58. Kg6 Kxb3 59. Kxh6 Kxa4 60. Kg7 Kb3 61. h6 Kxc4 62. h7 b5 63. h8Q a4 64. Kf7 a3 65. Qa1 b4 66. Qc1+ Kb3 67. Qb1+ Kc3 68. Qa2 b3 69. Qxa3 Kc2 70. Qc5+ Kb1 71. Ke6 b2 72. Qa3 1-0

[Event "Hastings Masters op 90th"]
[Site "Hastings"]
[Date "2015.01.01"]
[Round "4"]
[White "Ledger, Dave J"]
[Black "Boardman, Jeffrey"]
[Result "1-0"]
[WhiteElo "2244"]
[BlackElo "1999"]
[PlyCount "85"]
[EventDate "2014.12.29"]
[EventType "swiss"]
[EventRounds "9"]
[EventCountry "ENG"]
[SourceTitle "CBM 164 Extra"]
[Source "ChessBase"]
[SourceDate "2015.03.02"]
[SourceVersion "1"]
[SourceVersionDate "2015.03.02"]
[SourceQuality "1"]

1. e4 c5 2. Nf3 Nc6 3. d4 cxd4 4. Nxd4 e5 5. Nb5 a6 6. Nd6+ Bxd6 7. Qxd6 Qf6 8. Qd2 Qg6 9. f3 Nge7 10. c4 0-0 11. Bd3 d6 12. Nc3 f5 13. Qg5 f4 14. Qxg6 Nxg6 15. Nd5 Rb8 16. Bd2 Nh4 17. Kf2 g5 18. h3 h5 19. Rac1 b6 20. b4 a5 21. a3 Nd4 22. bxa5 Nb3 23. Bb4 Nxc1 24. Rxc1 bxa5 25. Bxd6 Rb2+ 26. Rc2 Rxc2+ 27. Bxc2 Rf7 28. Ne7+ Kh7 29. Nxc8 g4 30. hxg4 hxg4 31. fxg4 Rg7 32. Bd1 Ng6 33. c5 Rb7 34. Nb6 Kg7 35. Bb3 Kf6 36. Bd5 Rh7 37. c6 f3 38. Kxf3 Rh1 39. c7 Nf4 40. c8Q Rf1+ 41. Ke3 Re1+ 42. Kd2 Re2+ 43. Kd1 1-0

[Event "Hastings Masters op 90th"]
[Site "Hastings"]
[Date "2014.12.29"]
[Round "1"]
[White "Boardman, Jeffrey"]
[Black "Denham, Colin"]
[Result "1-0"]
[WhiteElo "1999"]
[BlackElo "1685"]
[PlyCount "85"]
[EventDate "2014.12.29"]
[EventType "swiss"]
[EventRounds "9"]
[EventCountry "ENG"]
[SourceTitle "CBM 164 Extra"]
[Source "ChessBase"]
[SourceDate "2015.03.02"]
[SourceVersion "1"]
[SourceVersionDate "2015.03.02"]
[SourceQuality "1"]

1. e4 e6 2. d4 d5 3. Nc3 Bb4 4. e5 h6 5. Qg4 g6 6. a3 Bxc3+ 7. bxc3 a6 8. Nf3 Nd7 9. Bd3 Nf8 10. Be3 Ne7 11. Qh3 Rh7 12. g4 Ng8 13. Qg3 c6 14. h4 Rh8 15. Nh2 f5 16. exf6 Nxf6 17. g5 Nh5 18. Qe5 Rh7 19. Ng4 Qe7 20. gxh6 Qf7 21. Bg5 b5 22. 0-0-0 Ra7 23. Rde1 Qc7 24. Nf6+ Nxf6 25. Qxf6 Qd6 26. Bxg6+ Nxg6 27. Qxg6+ Rhf7 28. Qg8+ Qf8 29. Qxf8+ Rxf8 30. f4 Kd7 31. a4 Kd6 32. Kd2 Bd7 33. Ra1 c5 34. axb5 Bxb5 35. Rhe1 c4 36. Re5 Rg8 37. f5 exf5 38. Rxf5 Rg6 39. Raf1 Ke6 40. Rf6+ Rxf6 41. Rxf6+ Kd7 42. Rb6 Kc7 43. Rg6 1-0

[Event "Southend op 58th"]
[Site "Southend"]
[Date "2014.04.20"]
[Round "5"]
[White "Boardman, Jeffrey"]
[Black "Zachariassen, Bjarne"]
[Result "1-0"]
[WhiteElo "2026"]
[BlackElo "1964"]
[PlyCount "61"]
[EventDate "2014.04.18"]
[EventType "swiss"]
[EventRounds "7"]
[EventCountry "ENG"]
[SourceTitle "EXT 2016"]
[Source "ChessBase"]
[SourceDate "2015.10.08"]
[SourceVersion "1"]
[SourceVersionDate "2015.10.08"]
[SourceQuality "1"]

1. e4 c5 2. Nf3 Nc6 3. d4 cxd4 4. Nxd4 e5 5. Nb5 h6 6. Nd6+ Bxd6 7. Qxd6 Nf6 8. Nc3 Qe7 9. Qd1 0-0 10. Bc4 d6 11. 0-0 a6 12. a4 Be6 13. Nd5 Bxd5 14. Bxd5 Nb4 15. Bb3 Rac8 16. c3 Nc6 17. Qd3 Rfd8 18. Be3 Qc7 19. Rad1 Na5 20. Ba2 Nc4 21. Bc1 d5 22. exd5 Rxd5 23. Qg3 Rxd1 24. Rxd1 h5 25. b3 Rd8 26. Re1 Nb6 27. Bg5 Qd6 28. h3 Re8 29. c4 Nbd7 30. Bb1 Qd4 31. Bh6 1-0

[Event "NZL-ch Major op"]
[Site "Wanganui"]
[Date "2003.01.04"]
[Round "4"]
[White "Boardman, Jeffrey"]
[Black "Short, Allan J"]
[Result "1-0"]
[WhiteElo "1870"]
[BlackElo "1716"]
[PlyCount "75"]
[EventDate "2003.01.??"]
[EventType "swiss"]
[EventRounds "11"]
[EventCountry "NZL"]
[SourceTitle "EXT 2005"]
[Source "ChessBase"]
[SourceDate "2004.11.15"]
[SourceVersion "1"]
[SourceVersionDate "2004.11.15"]
[SourceQuality "1"]

1. e4 e6 2. d4 d5 3. Nd2 Nf6 4. e5 Nfd7 5. Ngf3 c5 6. c3 Nc6 7. Be2 cxd4 8. cxd4 f6 9. exf6 Nxf6 10. 0-0 Bd6 11. Nb3 0-0 12. Bg5 Qe8 13. Bh4 Qh5 14. Bg3 Bxg3 15. hxg3 Ng4 16. Nh4 e5 17. dxe5 Ncxe5 18. Qxd5+ Qf7 19. Qxf7+ Kxf7 20. Nd4 Bd7 21. f4 Nc6 22. Nxc6 bxc6 23. Nf3 h6 24. Bc4+ Kf6 25. Rfd1 Rfd8 26. Rd6+ Ke7 27. Rg6 Kf8 28. Ne5 Bf5 29. Rxg4 Bxg4 30. Nxg4 Rd2 31. b3 Rad8 32. Ne5 c5 33. Ng6+ Ke8 34. Re1+ Kd7 35. Re7+ Kc6 36. Rxa7 R8d6 37. Ne7+ Kb6 38. Nc8+ 1-0